000 00644cam a2200253 4500
001 B1470
008 090401t1988 xxu||||| |||| 00| 0 eng d
035 _a(Sirsi) u44556
041 _aeng
050 _a333.33016
110 _aInvestment Property Databank
_92288
245 _aSmall properties index : 1987 pilot study
260 _aLondon
_bChesterton
_c1988
300 _a14p. : ill. ; 30cm.
350 _a0
520 _aSponsored by Chesterton.
650 _aINDUSTRIAL PROPERTY
650 _aOFFICES
650 _aPROPERTY INDEXES
650 _aPROPERTY INVESTMENT
650 _aSHOPS
942 _n0
948 _c04/03/1997
999 _c91558
_d91558